|
|
|
|
| LEADER |
00000nam0a2200000 4500 |
| 001 |
124714 |
| 005 |
20231031131111.0 |
| 010 |
|
|
|a 9785699218677
|
| 035 |
|
|
|a (RuTPU)RU\TPU\book\134967
|
| 090 |
|
|
|a 124714
|
| 100 |
|
|
|a 20071107d2007 m y0rusy50 ca
|
| 101 |
0 |
|
|a rus
|
| 102 |
|
|
|a RU
|
| 105 |
|
|
|a ac z 000dy
|
| 200 |
1 |
|
|a Не дайте себе засохнуть!!!
|f М. Н. Задорнов
|
| 210 |
|
|
|a Москва
|c Эксмо
|d 2007
|
| 215 |
|
|
|a 512 с.
|c ил.
|
| 330 |
|
|
|a Новая книга Михаила Задорнова по-новому представляет нам и нашего любимого автора. Это лирический монолог, навеянный воспоминаниями о детстве, студенчестве, экспедициях и путешествиях и связанных с ними удивительных открытиях. Замечательные истории из бедной и веселой студенческой жизни в компании трех закадычных друзей — М. Задорнова, В. Качана и Леонида Филатова. Впервые публикуются рассказы, написанные в юности, трогательные и наивные, по которым так трудно узнать сегодняшнего беспощадного сатирика, — вот что делает наша жизнь с романтическими авторами! И пронизывающие всю книгу «фирменные» размышлизмы о нашей жизни, сценки, подмеченные зорким взглядом сатирика.
|
| 610 |
1 |
|
|a русская литература
|
| 610 |
1 |
|
|a проза
|
| 610 |
1 |
|
|a юмор
|
| 610 |
1 |
|
|a сатира
|
| 675 |
|
|
|a Р2
|v 3
|
| 700 |
|
1 |
|a Задорнов
|b М. Н.
|g Михаил Николаевич
|
| 801 |
|
1 |
|a RU
|b 63413507
|c 20071107
|g PSBO
|
| 801 |
|
2 |
|a RU
|b 63413507
|c 20080220
|g PSBO
|
| 942 |
|
|
|c BK
|
| 959 |
|
|
|a 78/20071106
|d 1
|e 338,91
|f ХФ:1
|